Mathematische semesterberichte
Saved in:
| Format: | Serial |
|---|---|
| Language: | German |
| Published: |
Gottingen :
Vandenhoeck & Ruprecht,
1981-
|
| Subjects: | |
| Tags: |
Add Tag
No Tags, Be the first to tag this record!
|
MARC
| LEADER | 00000nas a2200000 i 4500 | ||
|---|---|---|---|
| 001 | 1/34240 | ||
| 008 | 030305c19819999 ger d | ||
| 022 | |a 0720728X | ||
| 035 | |l 10069659 | ||
| 040 | |a GR-MY-UA |b gre |e aacr | ||
| 041 | 0 | |a ger | |
| 082 | 0 | |a 510.5 | |
| 245 | 1 | 0 | |a Mathematische semesterberichte |h [περιοδικό] |
| 260 | |a Gottingen : |b Vandenhoeck & Ruprecht, |c 1981- | ||
| 300 | |a v.; |c 24 cm. | ||
| 310 | |a Semiannual | ||
| 650 | 0 | 0 | |a Mathematics |x Periodicals. |
| 650 | 0 | 0 | |a Physics |x Periodicals. |
| 922 | |a 3ΕΛΗ |b 198611 |c ΚΕΝΤΡΙΚΗ ΒΙΒΛΙΟΘΗΚΗ |d BUMBUS | ||